Mineral planning legislation and related publications (England and Wales) (Record no. 94589)

MARC details
000 -LEADER
fixed length control field 01249cam a2200325 4500
008 - FIXED-LENGTH DATA ELEMENTS--GENERAL INFORMATION
fixed length control field 090401t1995 xxu||||| |||| 00| 0 eng d
020 ## - INTERNATIONAL STANDARD BOOK NUMBER
International Standard Book Number 0854067337
035 ## - SYSTEM CONTROL NUMBER
System control number (Sirsi) u63652
041 0# - LANGUAGE CODE
Language code of text/sound track or separate title eng
050 04 - LIBRARY OF CONGRESS CALL NUMBER
Classification number 711.1 $2 18
090 ## - LOCALLY ASSIGNED LC-TYPE CALL NUMBER (OCLC); LOCAL CALL NUMBER (RLIN)
Classification number (OCLC) (R) ; Classification number, CALL (RLIN) (NR) RICS 1995/117ABCD
110 2# - MAIN ENTRY--CORPORATE NAME
Corporate name or jurisdiction name as entry element Royal Institution of Chartered Surveyors
Subordinate unit Minerals Practice Skills Panel
9 (RLIN) 4512
245 00 - TITLE STATEMENT
Title Mineral planning legislation and related publications (England and Wales)
260 ## - PUBLICATION, DISTRIBUTION, ETC.
Place of publication, distribution, etc. London
Name of publisher, distributor, etc. RICS
Date of publication, distribution, etc. 1995
300 ## - PHYSICAL DESCRIPTION
Extent 23p.
Dimensions 30cm.
350 ## - PRICE (NR) (BK AM CF MU VM SE) [OBSOLETE]
Price 6.95
490 #0 - SERIES STATEMENT
Series statement RICS Minerals Practice Skills Panel Information Paper
Volume/sequential designation 1
520 ## - SUMMARY, ETC.
Summary, etc. Lists legislation relating to mineral planning cases.
520 ## - SUMMARY, ETC.
Summary, etc. Under review 1 August 2006.
650 24 - SUBJECT ADDED ENTRY--TOPICAL TERM
Topical term or geographic name entry element MINERALS PLANNING GUIDANCE NOTES
650 24 - SUBJECT ADDED ENTRY--TOPICAL TERM
Topical term or geographic name entry element PLANNING POLICY GUIDANCE NOTES
650 24 - SUBJECT ADDED ENTRY--TOPICAL TERM
Topical term or geographic name entry element REGIONAL PLANNING GUIDANCE NOTES
651 #4 - SUBJECT ADDED ENTRY--GEOGRAPHIC NAME
Geographic name England and Wales
Chronological subdivision 1543-
690 ## - LOCAL SUBJECT ADDED ENTRY--TOPICAL TERM (OCLC, RLIN)
Topical term or geographic name as entry element ENVIRONMENTAL AND LAND CONSULTANCY-MINERAL RESOURCE MANAGEMENT
710 2# - ADDED ENTRY--CORPORATE NAME
Corporate name or jurisdiction name as entry element Royal Institution of Chartered Surveyors
9 (RLIN) 4900
856 41 - ELECTRONIC LOCATION AND ACCESS
Uniform Resource Identifier <a href="https://www.rics.org/site/download_feed.aspx?fileID=3668">https://www.rics.org/site/download_feed.aspx?fileID=3668</a>
Public note The document is restricted to RICS members only, download from www.rics.org...
942 ## - ADDED ENTRY ELEMENTS (KOHA)
Suppress in OPAC 0
948 ## - LOCAL PROCESSING INFORMATION (OCLC); SERIES PART DESIGNATOR (RLIN)
c (OCLC) 04/03/1997
Holdings
Withdrawn status Lost status Source of classification or shelving scheme Damaged status Not for loan Home library Current library Shelving location Date acquired Cost, normal purchase price Total Checkouts Full call number Barcode Date last seen Copy number Cost, replacement price Price effective from Koha item type
    Dewey Decimal Classification     London London RICS Boxes 25/01/1996 6.95   RICS 1995/117 30049357 06/08/2019 1 6.95 06/08/2019 Archive
    Dewey Decimal Classification     London London RICS Boxes 25/01/1996 6.95   RICS 1995/117 30049358 06/08/2019 2 6.95 06/08/2019 Reference material
    Dewey Decimal Classification     London London RICS Boxes 25/01/1996 6.95   RICS 1995/117 30049359 06/08/2019 3 6.95 06/08/2019 Book
    Dewey Decimal Classification     Virtual Virtual Online 04/10/2006     ONLINE PUBLICATION 63652-3001 06/08/2019 1   06/08/2019 Book